Inter Squad 2023-2024 - Statistics

General Stats
  • This quiz has been taken 340 times
    228 since last reset
  • The average score is 22 of 27
Answer Stats
# Position Nation Player % Correct
1 GK Switzerland Yann Sommer
98%
10 FW Argentina Lautaro Martínez
95%
20 MF Turkey Hakan Çalhanoğlu
94%
9 FW France Marcus Thuram
94%
95 DF Italy Alessandro Bastoni
93%
70 FW Chile Alexis Sánchez
93%
2 MF Netherlands Denzel Dumfries
93%
8 FW Austria Marko Arnautović
93%
23 MF Italy Nicolò Barella
93%
6 DF Netherlands Stefan de Vrij
93%
22 MF Armenia Henrikh Mkhitaryan
91%
15 DF Italy Francesco Acerbi
88%
7 MF Colombia Juan Cuadrado
88%
- Coach Italy Simone Inzaghi
88%
32 DF Italy Federico Dimarco
86%
28 DF France Benjamin Pavard
83%
36 DF Italy Matteo Darmian
82%
21 MF Albania Kristjan Asllani
79%
17 MF Canada Tajon Buchanan
78%
31 DF Germany Yann Bisseck
77%
16 MF Italy Davide Frattesi
71%
30 MF Brazil Carlos Augusto
67%
14 MF Netherlands Davy Klaassen
64%
77 GK Indonesia Emil Audero
63%
5 MF Italy Stefano Sensi
54%
12 GK Italy Raffaele Di Gennaro
48%
34 MF France Lucien Agoumé
42%
No matching quizzes found
Score Distribution
Percent of People with Each Score
Percentile by Number Answered
Your Score History
You have not taken this quiz since the last reset